|
|
|
|
| LEADER |
01044nam a2200325 a 4500 |
| 001 |
000653609 |
| 003 |
CZ BrMZK |
| 005 |
20080826145320.0 |
| 008 |
030214s2002 xr g p cze d |
| 015 |
|
|
|a cnb001175047
|
| 020 |
|
|
|a 80-7287-035-1
|
| 035 |
|
|
|a (OCoLC)53262550
|
| 040 |
|
|
|a PNA001
|b cze
|c BOA001
|
| 072 |
|
7 |
|a 821.162.3-1
|x Česká poezie
|2 Konspekt
|9 25
|
| 080 |
|
|
|a 821.162.3-1
|2 MRF
|
| 080 |
|
|
|a (0:82-1)
|2 MRF
|
| 100 |
1 |
|
|a Dyk, Viktor,
|d 1877-1931
|7 jk01030247
|4 aut
|
| 245 |
1 |
0 |
|a Devátá vlna /
|c Viktor Dyk ; ilustrovala Markéta Hlinovská
|
| 250 |
|
|
|a Vyd. 8., v nakl. Maťa 1.
|
| 260 |
|
|
|a Praha :
|b Maťa,
|c 2002
|
| 300 |
|
|
|a 171 s. :
|b il. ;
|c 8 x 8 cm
|
| 490 |
1 |
|
|a Miniatury ;
|v sv. 17
|
| 655 |
|
7 |
|a česká poezie
|7 fd133958
|2 czenas
|
| 700 |
1 |
|
|a Hlinovská, Markéta,
|d 1978-
|7 xx0005541
|4 ill
|
| 830 |
|
0 |
|a Miniatury
|
| 910 |
|
|
|a BOA001
|b S-1114.009
|
| 990 |
|
|
|a BK
|
| 922 |
|
|
|a poezie
|
| 922 |
|
|
|a beletrie
|
| 996 |
6 |
|
|b 2610181673
|c S-1114.009
|l MZK
|r Sklad / do 24 hodin
|n 0
|p p.v.
|w 000653609
|u 000010
|a 1
|e BOA001
|j MZK50
|s P
|